Movies Quiz

Random Movies or Pixar Quiz
Score 0/14 Timer 05:00
0 Plays Today
Foreign Title English Version % Correct
VALL·IWALL-E
96.2%
Gdzie jest Dory?Finding Dory
94.7%
MonsteruniversitetetMonsters University
91.1%
AvtomobiliCars
90.9%
OpUp
90.3%
RatatuyRatatouille
89.7%
Uma Vida de InsectoA Bug's Life
87.7%
Foreign Title English Version % Correct
Monsutâzu InkuMonsters, Inc.
83.3%
Merida - Legende der HighlandsBrave
81.8%
В поисках НемоFinding Nemo
78.3%
Dobri dinosaurusThe Good Dinosaur
64.5%
SuperhjältarnaThe Incredibles
63.4%
Histoire de jouetsToy Story
59.6%
Intensa MenteInside Out
43.2%

You're not logged in!

Compare scores with friends on all Sporcle quizzes.
OR
Log In

Sporcle TV

Today on Sporcle TV


Watch our educational content, quiz creation guides, and fun videos on Sporcle TV.

Show Comments

Extras

Top Quizzes Today


Score Distribution

Paid Content

Your Account Isn't Verified!

In order to create a playlist on Sporcle, you need to verify the email address you used during registration. Go to your Sporcle Settings to finish the process.

Report this User

Report this user for behavior that violates our Community Guidelines.

Details: